Caritas in veritate = (Record no. 192053)
[ view plain ]
| 000 -LEADER | |
|---|---|
| campo de control de longitud fija | 01138cam a2200313 i 4500 |
| 001 - NÚMERO DE CONTROL | |
| campo de control | 192053 |
| 003 - IDENTIFICADOR DE NÚMERO DE CONTROL | |
| campo de control | ES-MaACL |
| 005 - FECHA Y HORA DE LA ÚLTIMA TRANSACCIÓN | |
| campo de control | 20250831073818.0 |
| 008 - DATOS DE LONGITUD FIJA--INFORMACIÓN GENERAL | |
| campo de control de longitud fija | 221102s2009 sp | |||| 000 0 spa |
| 017 ## - NÚMERO DE COPYRIGHT O DE DEPÓSITO LEGAL | |
| Número de copyright o de depósito legal | M 30599-2009 |
| Agencia que asigna | Oficina Depósito Legal Madrid |
| 020 ## - NÚMERO INTERNACIONAL ESTÁNDAR DEL LIBRO | |
| Número Internacional Estándar del Libro | 9788428535120 |
| 040 ## - FUENTE DE CATALOGACIÓN | |
| Centro/agencia transcriptor | ES-MaACL |
| 080 ## - NÚMERO DE LA CLASIFICACIÓN DECIMAL UNIVERSAL | |
| Número de la Clasificación Decimal Universal | 241.513(044.6) |
| 110 2# - ENTRADA PRINCIPAL--NOMBRE DE ENTIDAD CORPORATIVA | |
| Nombre de entidad corporativa o nombre de jurisdicción como elemento de entrada | Iglesia Católica. |
| Unidad subordinada | Papa (2005-2013: Benedicto XVI) |
| 9 (RLIN) | 144663 |
| 245 10 - MENCIÓN DEL TÍTULO | |
| Título | Caritas in veritate = |
| Resto del título | La caridad en la verdad / |
| Mención de responsabilidad, etc. | Benedictum PP XVI. |
| 246 ## - FORMA VARIANTE DEL TITULO | |
| Título propio/Titulo breve | La caridad en la verdad : |
| Resto del título | [tercera carta encíclica de S.S. Benedicto XVI] |
| 260 ## - PUBLICACIÓN, DISTRIBUCIÓN, ETC. | |
| Lugar de publicación, distribución, etc. | Madrid : |
| Nombre del editor, distribuidor, etc. | San Pablo, |
| Fecha de publicación, distribución, etc. | [2009] |
| 300 ## - DESCRIPCIÓN FÍSICA | |
| Extensión | 160 páginas ; |
| Dimensiones | 18 cm. |
| 500 ## - NOTA GENERAL | |
| Nota general | Índice |
| 650 #7 - PUNTO DE ACCESO ADICIONAL DE MATERIA--TÉRMINO DE MATERIA | |
| Término de materia o nombre geográfico como elemento de entrada | Caridad |
| Fuente del encabezamiento o término | embne |
| 9 (RLIN) | 10780 |
| 655 #7 - TERMINO DE INDIZACIÓN--GENERO/FORMA | |
| Fuente del término | tgfbne |
| 9 (RLIN) | 226879 |
| Datos o término principal de género/forma | Encíclicas |
| 700 0# - ENTRADA AGREGADA--NOMBRE PERSONAL | |
| Nombre de persona | Benedicto |
| Numeración | XVI, |
| Títulos y otros términos asociados al nombre | Papa |
| Término indicativo de función/relación | Autor |
| 9 (RLIN) | 234934 |
| 740 32 - ENTRADA AGREGADA--TÍTULO RELACIONADO/ANALÍTICO NO CONTROLADO | |
| Título relacionado o analítico no controlado | La caridad en la verdad. |
| 852 4# - LOCALIZACIÓN | |
| Ubicación | ES-MaACL |
| Número de control de estantería | N-8085 |
| itemnumber | 199335 |
| Sublocalización o colección | R. 152395 |
| Ubicación en estantería | Depósito J |
| Donativo/Legado | Donación: José Lázaro García |
| 903 ## - NOMBRE PERSONAL DE DONANTE | |
| 9 | 234219 |
| a | Lázaro García, José |
| e | Donante |
| 942 ## - ELEMENTOS DE ENTRADA SECUNDARIOS (KOHA) | |
| Tipo de ítem Koha | Libro impreso |
| Suprimir en OPAC | No |
| Estatus retirado | Estado de pérdida | Fuente del sistema de clasificación o colocación | Estado de daño | No para préstamo | Biblioteca de origen | Biblioteca actual | Ubicación en estantería | Fecha de adquisición | Fuente de adquisición | Total de préstamos | Signatura topográfica completa | Código de barras | Visto por última vez | Tipo de ítem Koha |
|---|---|---|---|---|---|---|---|---|---|---|---|---|---|---|
| Clasificación decimal universal | Biblioteca del Ateneo de Madrid | Biblioteca del Ateneo de Madrid | Depósito J | 02/11/2022 | Donación | N-8085 | 101206354 | 23/02/2023 | Libro impreso |
